Statistiques concernant Les 10 premiers départements avec le plus d'hôtels

Cliquez ici pour prendre le quiz!

Statistiques générales

  • Ce quiz a été pris 88 fois
  • Le résultat moyen est 7 sur 10

Statistiques - réponses

Département% Correct
Paris
96%
Bouches-du-Rhône
82%
Rhône
75%
Gironde
73%
Var
73%
Alpes-Maritimes
68%
Bas-Rhin
54%
Haute-Savoie
51%
Savoie
51%
Pyrénées-Atlantiques
38%

Distribution des résultats

Percentile par nombre de réponses

% des personnes avec chaque résultat

Votre développement - résultats

Vous n’avez pas pris ce quiz